Diccionario de relaciones internacionales /

Guardado en:
Detalles Bibliográficos
Autor principal: Plano, Jack C. (autor)
Otros autores: Olton, Roy (autor) (autor)
Formato: Libro
Idioma:Español
Publicado: México : Limusa, 1971
Temas:
Etiquetas: Agrega una etiqueta
Sin etiquetas, Sé el primero en etiquetar este registro!

MARC

LEADER 00000nam^a2200000^a^4500
001 000007699
005 20250521000000.0
009 20260310083515.997
020 |a 968-18-0383-3 
037 |a Acervo ITESO - Biblioteca 
041 |a ESP 
082 |a 327.  |b PLA 
100 |a Plano, Jack C.  |e (autor) 
245 1 0 |a Diccionario de relaciones internacionales /  |c J.C. Plano, R. Olton ; tr. por José Meza Nieto. 
264 1 |a México :  |b Limusa,  |c 1971 
300 |a 465 p. 
336 |a texto  |b txt  |2 rdacontenido 
337 |a sin mediación  |b n  |2 rdamedio 
338 |a volumen  |b nc  |2 rdasoporte 
500 |a Traducción de: The International Relations Dictionary 
649 |a XX 
650 |a Relaciones Internacionales -  |x Enciclopedias y Diccionarios -  |x Tema Principal 
650 |a Política Internacional -  |x Enciclopedias y Diccionarios 
650 |a Enciclopedias y Diccionarios 
700 |a Olton, Roy  |e (autor) 
910 |a Fondo General 
920 |a Impresos - Libros 
930 |a Obras de Referencia 
905 |a 102 
901 |a 0076990100  |b IT2  |c REF  |i 007699  |u 20250521 
902 |a https://opac.biblio.iteso.mx/vufind/Record/000007699